লালসালু এবং ওয়ালীউল্লাহ / (Record no. 38042)
[ view plain ]
| 000 -LEADER | |
|---|---|
| fixed length control field | 00812nam a22002177a 4500 |
| 001 - CONTROL NUMBER | |
| control field | 38042 |
| 003 - CONTROL NUMBER IDENTIFIER | |
| rucl marc code | BD-RjUL |
| 005 - DATE AND TIME OF LATEST TRANSACTION | |
| control field | 20211209052718.0 |
| 008 - FIXED-LENGTH DATA ELEMENTS--GENERAL INFORMATION | |
| fixed length control field | 150831s1989 bg ||||| |||| 00| 0 ben d |
| 035 ## - SYSTEM CONTROL NUMBER | |
| System control number | (BD-RjUL)38147 |
| 040 ## - CATALOGING SOURCE | |
| Original cataloging agency | BD-RjUL |
| Language of cataloging | ben |
| Transcribing agency | BD-RjUL |
| 041 ## - LANGUAGE CODE | |
| Language code of text/sound track or separate title | ben |
| 082 ## - DEWEY DECIMAL CLASSIFICATION NUMBER | |
| Classification number | 891.443 |
| Author mark and year | LAL 1989 |
| 245 ## - TITLE STATEMENT | |
| Title | লালসালু এবং ওয়ালীউল্লাহ / |
| Statement of responsibility, etc. | মমতাজউদ্দীন আহমদ সম্পাদিত |
| 260 ## - PUBLICATION, DISTRIBUTION, ETC. (IMPRINT) | |
| Place of publication, distribution, etc. | ঢাকা : |
| Name of publisher, distributor, etc. | অনিন্দ্য প্রকাশন, |
| Date of publication, distribution, etc. | ১৯৮৯ |
| 300 ## - PHYSICAL DESCRIPTION | |
| Pagination | ১৬৩ পৃ. ; |
| Size | ২০ সেমি. |
| 650 ## - SUBJECT ADDED ENTRY--TOPICAL TERM | |
| Topical term or geographic name as entry element | বাংলা উপন্যাস |
| 9 (RLIN) | 117533 |
| Topical term or geographic name as entry element | Bengali fiction |
| 9 (RLIN) | 126681 |
| 700 ## - ADDED ENTRY--PERSONAL NAME | |
| Personal name | আহমদ, মমতাজউদ্দীন |
| 942 ## - ADDED ENTRY ELEMENTS (KOHA) | |
| Source of classification or shelving scheme | Dewey Decimal Classification |
| Koha item type | Books |
| Lost status | Source of classification or shelving scheme | Damaged status | Not for loan | Permanent Location | Current Location | Shelving location | Date acquired | Total Checkouts | Full call number | Date last seen | Date checked out | Copy number | Koha item type | Collection code | Source of acquisition | Cost, normal purchase price |
|---|---|---|---|---|---|---|---|---|---|---|---|---|---|---|---|---|
| Dewey Decimal Classification | Central Library, University of Rajshahi | Central Library, University of Rajshahi | 31/08/2015 | 2 | B 891.443 LAL 1989 | 06/09/2015 | 03/09/2015 | C-4 | Books | |||||||
| Dewey Decimal Classification | Central Library, University of Rajshahi | Central Library, University of Rajshahi | 05/01/1991 | B 891.443 LAL 1989 | 16/05/2016 | C-3 | Books | Fiction | Joni Book, Rajshahi | 15.00 |